K nové právní úpravě v oblasti státní statistiky

Prezentácia súčasných nedostatkov v oblasti štátnej štatistiky v Česku. Princípy a východiská novej právnej úpravy a zásad nového zákona - princíp štatistika je služba. Úlohy štátnej štatistickej služby, postavenie Českého štatistického úradu, jeho pôsobnosť, druhy získavaných, spracovávaných a sprí...

Full description

Saved in:
Bibliographic Details
Main Author: Salajová, L.
Format: Book Chapter
Language:Czech
Subjects:
Tags: Add Tag
No Tags, Be the first to tag this record!

MARC

LEADER 00000naa a2200000 4500
001 r015539
005 20221205091037.8
041 0 |a cze 
044 |a CZ 
245 1 0 |a K nové právní úpravě v oblasti státní statistiky  |c L. Salajová 
520 |a Prezentácia súčasných nedostatkov v oblasti štátnej štatistiky v Česku. Princípy a východiská novej právnej úpravy a zásad nového zákona - princíp štatistika je služba. Úlohy štátnej štatistickej služby, postavenie Českého štatistického úradu, jeho pôsobnosť, druhy získavaných, spracovávaných a sprístupňovaných informácií, ochrana individuálnych údajov, tvorba a použitie štatistických registrov, špeciálne registra ekonomických subjektov. 
610 2 0 |a štatistika 
610 2 0 |a Česko 
610 2 0 |a legislatíva 
610 2 0 |a zákony 
610 2 0 |a Český statistický úřad Praha 
610 2 0 |a informácie 
610 2 0 |a spracovanie dát 
610 2 0 |a ochrana dát 
610 2 0 |a registre 
100 1 |a Salajová, L.